|
|
|
|
| LEADER |
00000nas a2200000 a 4500 |
| 001 |
ssj0000858299 |
| 003 |
WaSeSS |
| 005 |
20200512172242.0 |
| 006 |
m d |
| 007 |
cr n |
| 008 |
130316c20uu9999nyud| n|s|||||| |0fre d |
| 035 |
|
|
|a (WaSeSS)ssj0000858299
|
| 040 |
|
|
|a WaSeSS
|c WaSeSS
|d WaSeSS
|
| 043 |
|
|
|a f------
|
| 050 |
|
4 |
|a DT31
|
| 245 |
0 |
0 |
|a African Press Organisation
|h [electronic resource] :
|b database of press releases related to Africa.
|
| 260 |
|
|
|a New York :
|b African Press Organization
|
| 310 |
|
|
|a Daily
|
| 506 |
|
|
|a License restrictions may limit access.
|
| 588 |
|
|
|a Description based on: Sep. 1, 2010; title from title screen (ProQuest, viewed March 15, 2013).
|
| 588 |
|
|
|a Latest issue consulted: Jan. 8, 2013 (viewed March 15, 2013).
|
| 650 |
|
0 |
|a Press
|z Africa
|v Newspapers.
|
| 650 |
|
0 |
|a International agencies
|z Africa
|v Newspapers.
|
| 651 |
|
0 |
|a Africa
|x Politics and government
|v Newspapers.
|
| 655 |
|
0 |
|a Electronic journals.
|
| 856 |
4 |
0 |
|z Full text available from Research Library: 09/01/2010 to present
|u https://search.proquest.com/publication/237289
|